La Convención Interamericana contra la Corrupción: anotada y comentada

Wedi'i Gadw mewn:
Manylion Llyfryddiaeth
Prif Awdur: Manfroni, Carlos A.
Awdur Corfforaethol: OEA
Fformat: Texto
Cyhoeddwyd: Buenos Aires: Abeledo-Perrot
Pynciau:
Tagiau: Ychwanegu Tag
Dim Tagiau, Byddwch y cyntaf i dagio'r cofnod hwn!

MARC

LEADER 00000 a a2200000 04500
001 19309
003
040
090 |a 145600  
100 |a Manfroni, Carlos A.  
110 |a OEA  
245 |a La Convención Interamericana contra la Corrupción: anotada y comentada  
260 |a Buenos Aires:   |b Abeledo-Perrot  
300 |a 245 p.  
300 |b **no definido**  
500 |a Pról. de Enrique Lagos, Subsecretario de Asuntos Jurídicos de la OEA. En el Cap. IV se incluye el documento: Medidas preventivas, por Richard Werksman  
650 |a PROBLEMAS SOCIALES  
650 |a CORRUPCION  
650 |a RELACIONES INTERNACIONALES  
650 |a POLITICA INTERNACIONAL  
650 |a ACUERDOS INTERNACIONALES  
999 |c 3257  |d 3257